Biology, use and culture of artemia

Đã lưu trong:
书目详细资料
格式: 图书
语言:Undetermined
出版: Philippines Seafdec Aquaculture Department Tiglauan 1981
主题:
标签: 添加标签
没有标签, 成为第一个标记此记录!
Thư viện lưu trữ: Trung tâm Học liệu Trường Đại học Cần Thơ
LEADER 00526nam a2200169Ia 4500
001 CTU_150660
008 210402s9999 xx 000 0 und d
082 |a 639.5072 
082 |b B615 
245 0 |a Biology, use and culture of artemia 
245 0 |c Nepheronia A. Jumalon ...[et al.] 
260 |a Philippines 
260 |b Seafdec Aquaculture Department Tiglauan 
260 |c 1981 
650 |a Aquaculture,Nuôi trồng thủy sản 
904 |i Trọng Hải 
980 |a Trung tâm Học liệu Trường Đại học Cần Thơ